| 000 | 02491nam a22001577a 4500 | ||
|---|---|---|---|
| 041 | _aukr | ||
| 080 | _a09 | ||
| 090 | _bСЛО | ||
| 100 | _aСлободянюк К.Б. | ||
| 245 | _aРозвиток жанру антиутопії в романах Дж.Орвелла "1984" та Ф.Пулмана "Північне сяйво" | ||
| 260 |
_aОстрог _bКАФ _c2013 |
||
| 300 | _a99 | ||
| 520 |
_aРозділ 1. Особливості англійської традиції антиутопії. Елементи субституції ральності.
1.1. Формування жанру антиутопії в літературі Англії.
1.2. Роман як найоптимальніша епічна структура для втілення антиутопії.
1.3. Копія, симулякр, симуляція в романі-антиутопії.
Розділ 2. Взаємозвязки романів Дж.Орвелла "1984" та Ф.Пулмана "Північне сяйво".
2.1. Порівняльна характеристика героїв романів Дж.Орвелла "1984" та Ф.Пулмана "Північне сяйво".
2.2. Сутність влади, механізми її втілення та владні структури.
2.2.1. Владні інституції наддержави Океанії та світу деймонів.
2.2.2. Англійський соціалізм в контексті доктрини Святої Церкви.
2.2.3. Механізми реалізації влади.
2.2.4. Кімната 101 і Больвангар — мовчазне пекло Океанії та світу деймонів.
Розділ 3. Опис симуляційного рівня антиутопій Дж.Орвелла та Ф.Пулмана.
3.1. Фальсифікація війни. Симулякр війни.
3.2. Спотворення сутності влади. Симулякр влади.
Розділ 4. Охорона праці. Вплив шуму.
4.1. Основні законодавчі та нормативно-правові акти, що регулюють питання охорони праці.
4.2. Поняття шуму в сфері охорони праці.
4.3. Вплив шуму на здоровя людини. _0Орвелл, Пулман, 1984, Північне сяйво, антиутопія |
||
| 650 | _aResearch Papers | ||
| 999 |
_c285049 _d285049 |
||
| 942 | _cBK | ||